000 00732cam a2200241 i 4500
999 _c7344
_d7344
001 2298762
003 GBCCL
005 20241126110625.0
008 810113s1954 enka 000 0 eng
010 _a 80018591
020 _a0800606507
040 _aDLC
_cDLC
_dDLC
_dOCoLC
050 0 0 _aBR125
_b.L67 1980
082 0 0 _a248.4
_219
_bLEW
100 1 _aLewis, C. S.
_q(Clive Staples),
_d1898-1963.
_93118
245 1 4 _aThe Screwtape letters /
_cC. S. Lewis ; illustrated by Papas.
250 _a1st Fortress Press ed.
260 _aPhiladelphia :
_bFortress Press,
_c1980.
300 _a133 p. ;
_c26 cm.
650 0 _aChristianity
_y20th century.
_9436
906 _a7
_bcbc
_corignew
_d3
_encip
_f19
_gy-gencatlg
942 _2ddc
_cBK
_01